NHL 2019-20 rookies - Statistics

General Stats
  • This quiz has been taken 22 times
  • The average score is 10 of 21
Answer Stats
Current team + number Position Answer % Correct
Devils 86 Forward Jack Hughes
100%
Canucks 43 Defenseman Quinn Hughes
100%
Canadiens 14 Forward Nick Suzuki
78%
Rangers 23 Defenseman Adam Fox
72%
Avalanche 8 Defenseman Cale Makar
72%
Blackhawks 77 Forward Kirby Dach
72%
Rangers 24 Forward Kaapo Kakko
67%
Canadiens 30 Goaltender Cayden Primeau
50%
Red Wings 11 Forward Filip Zadina
50%
Golden Knights 9 Forward Cody Glass
44%
Penguins 6 Defenseman John Marino
44%
Maple Leafs 47 Forward Pierre Engvall
44%
Maple Leafs 38 Defenseman Rasmus Sandin
44%
Panthers 23 Forward Carter Verhaeghe
39%
Blackhawks 8 Forward Dominik Kubalik
39%
Flyers 86 Forward Joel Farabee
33%
Senators 26 Defenseman Erik Brannstrom
22%
Maple Leafs 65 Forward Ilya Mikheyev
22%
Sabres 68 Forward Victor Olofsson
22%
Canadiens 25 Forward Ryan Poehling
17%
Canadiens 20 Defenseman Cale Fleury
11%
No matching quizzes found
Score Distribution
Percent of People with Each Score
Percentile by Number Answered
Your Score History
You have not taken this quiz